000 00770nam a2200217Ii 4500
003 JO-AjNU
008 230605s9999||||xx |||||||||||||| ||und||
020 _a1-85516-7409
040 _aJO-AjNU
_bara
_erda
_cJO-AjNU
041 _aara
050 1 4 _aPJ7631.O32 1998
100 3 _aتأليف المتنبي,
_eauthor
_933718
245 0 0 _aالكتاب أمس المكان الآن: أدونيس مخطوطة تنسب إلى المتنبي يحققها وينشرها أدونيس، ج2
250 _aط1
264 3 1 _aبيروت:دار الساقي،1998
300 _aج2، 706ص
336 _atext
_btxt
_2rdacontent
337 _aunmediated
_bn
_2rdamedia
338 _avolume
_bnc
_2rdacarrier
650 4 _aأدونيس - المتنبي - مخطوطات
_933719
999 _aA13752
_c17320
_d17320